|
|
|
|
| LEADER |
00973nam a2200217 i 4500 |
| 001 |
acta38131 |
| 005 |
20230328143116.0 |
| 008 |
161201s2001 hu o 0|| spa d |
| 020 |
|
|
|a 963 472 557 0
|
| 040 |
|
|
|a SZTE Egyetemi Kiadványok Repozitórium
|b hun
|
| 041 |
|
|
|a spa
|
| 245 |
0 |
0 |
|a Cervantes y la narrativa moderna
|h [elektronikus dokumentum] :
|b Coloquio internacional, Debrecen, 19-20 de octubre de 2000
|
| 260 |
|
|
|a Debreceni Egyetem Kossuth Egyetemi Kiadója
|b Debrecen
|c 2001
|
| 300 |
|
|
|a 250 p.
|c 24 cm
|
| 490 |
0 |
|
|a Ész, élet, egzisztencia
|
| 650 |
|
4 |
|a Bölcsészettudományok
|
| 650 |
|
4 |
|a Nyelvek és irodalom
|
| 695 |
|
|
|a Miguel de Cervantes Saavedra, Spanyol irodalom - regény - 17. sz. - tanulmányok, Spanyol irodalom története - hatása - tanulmányok, Narratológia - tanulmányok, Irodalomesztétika - tanulmányok
|
| 700 |
0 |
1 |
|a Scholz László
|
| 700 |
0 |
1 |
|a Vasas László
|
| 856 |
4 |
0 |
|u http://acta.bibl.u-szeged.hu/38131/1/esz_008.pdf
|z Dokumentum-elérés
|